[Event "Wch U18 Girls"]
[Site "Montesilvano"]
[Date "2023.11.21"]
[Round "8"]
[White "Hoanca, Alexia Ioana"]
[Black "O'Carroll, Om"]
[Result "0-1"]
[WhiteElo "1830"]
[BlackElo "1737"]
[PlyCount "96"]
[EventDate "2023.11.13"]
[EventType "swiss"]
[EventRounds "11"]
[EventCountry "ITA"]
[SourceTitle "CBM 217 Extra"]
[Source "ChessBase"]
[SourceDate "2024.01.31"]
[SourceVersion "1"]
[SourceVersionDate "2024.01.31"]
[SourceQuality "1"]

1. e4 c5 2. Nf3 d6 3. d4 cxd4 4. Nxd4 Nf6 5. Nc3 Nc6 6. Bg5 e6 7. Bb5 Bd7 8. Qd3 Nxd4 9. Bxd7+ Qxd7 10. Qxd4 Be7 11. 0-0-0 Rc8 12. Bxf6 Bxf6 13. Qxd6 Qxd6 14. Rxd6 Bxc3 15. bxc3 Rxc3 16. Rhd1 0-0 17. Rd7 Ra3 18. Kb2 Ra4 19. Rxb7 Rxe4 20. Rd2 a5 21. f3 Rc4 22. Kb3 Rfc8 23. Rd8+ Rxd8 24. Kxc4 g6 25. Rb5 Rd2 26. Kc3 Rxg2 27. Rxa5 Rxh2 28. Ra8+ Kg7 29. a4 Rf2 30. a5 Rxf3+ 31. Kb4 Rf1 32. a6 h5 33. Kc5 h4 34. Rb8 Ra1 35. Rb4 Rxa6 36. Rxh4 g5 37. Rg4 Kg6 38. c4 f5 39. Rg1 f4 40. Kb5 Ra8 41. c5 e5 42. Kc6 e4 43. Kb7 Re8 44. c6 e3 45. c7 Re7 46. Kc6 Rxc7+ 47. Kxc7 f3 48. Kd6 f2 0-1

[Event "Wch U18 Girls"]
[Site "Montesilvano"]
[Date "2023.11.13"]
[Round "1"]
[White "Mungunzul, Bat Erdene"]
[Black "O'Carroll, Om"]
[Result "1-0"]
[WhiteElo "2111"]
[BlackElo "1737"]
[PlyCount "77"]
[EventDate "2023.11.13"]
[EventType "swiss"]
[EventRounds "11"]
[EventCountry "ITA"]
[SourceTitle "CBM 217 Extra"]
[Source "ChessBase"]
[SourceDate "2024.01.31"]
[SourceVersion "1"]
[SourceVersionDate "2024.01.31"]
[SourceQuality "1"]

1. d4 d5 2. c4 c6 3. Nc3 Nf6 4. Nf3 a6 5. c5 Bf5 6. h3 e6 7. Qb3 Ra7 8. Bf4 Nbd7 9. Rc1 Be7 10. e3 0-0 11. Be2 Re8 12. 0-0 Ne4 13. Nxe4 Bxe4 14. Nd2 Bg6 15. Bd3 Bxd3 16. Qxd3 Nf6 17. Rc2 Qd7 18. Rb1 Bd8 19. b4 Bc7 20. Bg5 Bd8 21. f4 Nh5 22. g4 Nf6 23. Bxf6 Bxf6 24. g5 Bd8 25. Nf3 Bc7 26. Kh2 b6 27. cxb6 Bxb6 28. Ne5 Qb7 29. Nxc6 Raa8 30. Rbc1 Kh8 31. Ne5 f6 32. gxf6 gxf6 33. Ng4 Qg7 34. Rg2 Rg8 35. Rcg1 Qe7 36. Nh6 Rxg2+ 37. Rxg2 e5 38. dxe5 fxe5 39. Qxd5 1-0

[Event "World ol U16"]
[Site "Eindhoven"]
[Date "2023.08.18"]
[Round "9.19"]
[White "Rappazzo, Johannes"]
[Black "O'Carroll, Om"]
[Result "1-0"]
[WhiteElo "2109"]
[BlackElo "1737"]
[PlyCount "43"]
[EventDate "2023.08.13"]
[EventType "team-swiss"]
[EventRounds "9"]
[EventCountry "NED"]
[SourceTitle "CBM 215 Extra"]
[Source "ChessBase"]
[SourceDate "2023.09.30"]
[SourceVersion "1"]
[SourceVersionDate "2023.09.30"]
[SourceQuality "1"]
[WhiteTeam "Switzerland"]
[BlackTeam "Australia II"]
[WhiteTeamCountry "SUI"]
[BlackTeamCountry "AUS"]

1. e4 c5 2. Nf3 d6 3. d4 cxd4 4. Nxd4 Nf6 5. Nc3 Nc6 6. Bg5 e6 7. Bb5 Bd7 8. Qd3 Be7 9. 0-0-0 a6 10. Bxc6 bxc6 11. Nb3 a5 12. a4 Rb8 13. Rhe1 Qc7 14. f4 Rb7 15. e5 dxe5 16. fxe5 Nd5 17. Bxe7 Nxe7 18. Ne4 Nc8 19. Nbc5 Ra7 20. Qg3 Nb6 21. Qxg7 Rf8 22. Nd6+ 1-0